<?xml version="1.0" encoding="UTF-8"?>
<record
    xmlns:xsi="http://www.w3.org/2001/XMLSchema-instance"
    xsi:schemaLocation="http://www.loc.gov/MARC21/slim http://www.loc.gov/standards/marcxml/schema/MARC21slim.xsd"
    xmlns="http://www.loc.gov/MARC21/slim">

  <leader>00951nam a22002657a 4500</leader>
  <controlfield tag="005">20240419150438.0</controlfield>
  <controlfield tag="008">220926b           ||||| |||| 00| 0 eng d</controlfield>
  <datafield tag="020" ind1=" " ind2=" ">
    <subfield code="a">9788126424931</subfield>
  </datafield>
  <datafield tag="040" ind1=" " ind2=" ">
    <subfield code="c">AL</subfield>
  </datafield>
  <datafield tag="041" ind1=" " ind2=" ">
    <subfield code="a">malayalam</subfield>
  </datafield>
  <datafield tag="082" ind1=" " ind2=" ">
    <subfield code="2">23</subfield>
    <subfield code="a">294.592</subfield>
    <subfield code="b">EZHA</subfield>
  </datafield>
  <datafield tag="100" ind1=" " ind2=" ">
    <subfield code="a">Thunchath Ezhuthachchan</subfield>
    <subfield code="9">161568</subfield>
  </datafield>
  <datafield tag="100" ind1=" " ind2=" ">
    <subfield code="9">58526</subfield>
    <subfield code="d">&#xD24;&#xD41;&#xD23;&#xD1A;&#xD4D;&#xD1A;&#xD24;&#xD4D; &#xD0E;&#xD34;&#xD41;&#xD24;&#xD4D;&#xD24;&#xD1A;&#xD4D;&#xD1B;&#xD7B; </subfield>
  </datafield>
  <datafield tag="245" ind1=" " ind2=" ">
    <subfield code="a">Adhyatma ramayanam </subfield>
    <subfield code="b">&#xD06;&#xD27;&#xD4D;&#xD2F;&#xD3E;&#xD24;&#xD3F;&#xD2E; &#xD30;&#xD3E;&#xD2E;&#xD3E;&#xD2F;&#xD23;&#xD02;</subfield>
  </datafield>
  <datafield tag="260" ind1=" " ind2=" ">
    <subfield code="a">Kerala</subfield>
    <subfield code="b">D C Books</subfield>
    <subfield code="c">2018</subfield>
  </datafield>
  <datafield tag="300" ind1=" " ind2=" ">
    <subfield code="a">1056p.</subfield>
    <subfield code="b">HB</subfield>
    <subfield code="c">21x14cm.</subfield>
  </datafield>
  <datafield tag="365" ind1=" " ind2=" ">
    <subfield code="2">Malayalam</subfield>
    <subfield code="a">DCB20220905000130767</subfield>
    <subfield code="b">585.00</subfield>
    <subfield code="c">&#x20B9;</subfield>
    <subfield code="d">585.00</subfield>
    <subfield code="e">0</subfield>
    <subfield code="f">09-05-2022</subfield>
  </datafield>
  <datafield tag="650" ind1=" " ind2=" ">
    <subfield code="a">Ramayana: &#xD30;&#xD3E;&#xD2E;&#xD3E;&#xD2F;&#xD23;&#xD02; </subfield>
    <subfield code="9">58480</subfield>
  </datafield>
  <datafield tag="650" ind1=" " ind2=" ">
    <subfield code="a">Malayalam: &#xD2E;&#xD32;&#xD2F;&#xD3E;&#xD33;&#xD02; </subfield>
    <subfield code="9">58500</subfield>
  </datafield>
  <datafield tag="650" ind1=" " ind2=" ">
    <subfield code="a">Religion</subfield>
    <subfield code="9">58527</subfield>
  </datafield>
  <datafield tag="650" ind1=" " ind2=" ">
    <subfield code="a">Hinduism</subfield>
    <subfield code="9">58528</subfield>
  </datafield>
  <datafield tag="700" ind1=" " ind2=" ">
    <subfield code="a">EZHUTHACHCHAN (Thunchath)</subfield>
    <subfield code="9">58481</subfield>
  </datafield>
  <datafield tag="700" ind1=" " ind2=" ">
    <subfield code="a"> &#xD0E;&#xD34;&#xD41;&#xD24;&#xD4D;&#xD24;&#xD1A;&#xD4D;&#xD1B;&#xD7B; (&#xD24;&#xD41;&#xD23;&#xD1A;&#xD4D;&#xD1A;&#xD24;&#xD4D;)</subfield>
    <subfield code="9">161569</subfield>
  </datafield>
  <datafield tag="942" ind1=" " ind2=" ">
    <subfield code="2">ddc</subfield>
    <subfield code="c">BK</subfield>
  </datafield>
  <datafield tag="999" ind1=" " ind2=" ">
    <subfield code="c">224663</subfield>
    <subfield code="d">224663</subfield>
  </datafield>
  <datafield tag="952" ind1=" " ind2=" ">
    <subfield code="0">0</subfield>
    <subfield code="1">0</subfield>
    <subfield code="2">ddc</subfield>
    <subfield code="4">0</subfield>
    <subfield code="7">0</subfield>
    <subfield code="8">OTH</subfield>
    <subfield code="a">AL</subfield>
    <subfield code="b">AL</subfield>
    <subfield code="d">2022-09-21</subfield>
    <subfield code="e">D C Books</subfield>
    <subfield code="g">585.00</subfield>
    <subfield code="l">0</subfield>
    <subfield code="o">294.592 EZHA</subfield>
    <subfield code="p">076098</subfield>
    <subfield code="r">2022-09-26 00:00:00</subfield>
    <subfield code="v">599.00</subfield>
    <subfield code="w">2022-09-26</subfield>
    <subfield code="y">BK</subfield>
  </datafield>
</record>
